ბათუმის შოთა რუსთაველის სახელმწიფო უნივერსიტეტის ბიბლიოთეკა

Геологическая история черного моря по результатам глубоководного бурения. (ბიბ.ჩანაწერი № 35035)

000 -LEADER
fixed length control field 00725nam a2200229Ia 4500
001 - CONTROL NUMBER
control field 874
003 - CONTROL NUMBER IDENTIFIER
control field GE_BSU
008 - FIXED-LENGTH DATA ELEMENTS--GENERAL INFORMATION
fixed length control field 181216s||||||||xx |||||||||||||| ||und||
040 ## - CATALOGING SOURCE
Transcribing agency GE_BSU
080 ## - UNIVERSAL DECIMAL CLASSIFICATION NUMBER
Universal Decimal Classification number 550.551
245 ## - TITLE STATEMENT
Title Геологическая история черного моря по результатам глубоководного бурения.
245 ## - TITLE STATEMENT
Remainder of title Ин-ут океанологии им. П.П. Ширшова
260 ## - PUBLICATION, DISTRIBUTION, ETC.
Place of publication, distribution, etc. Москва
260 ## - PUBLICATION, DISTRIBUTION, ETC.
Name of publisher, distributor, etc. Наук
260 ## - PUBLICATION, DISTRIBUTION, ETC.
Date of publication, distribution, etc. 1980
300 ## - PHYSICAL DESCRIPTION
Extent 202 с.
653 ## - INDEX TERM--UNCONTROLLED
Uncontrolled term Геологическая история черного мория
653 ## - INDEX TERM--UNCONTROLLED
Uncontrolled term Геология
653 ## - INDEX TERM--UNCONTROLLED
Uncontrolled term გეოლოგია
942 ## - ADDED ENTRY ELEMENTS (KOHA)
Koha item type წიგნი
ეგზემპლარები
Withdrawn status Lost status Damaged status Not for loan Date acquired Barcode Date last seen Price effective from Koha item type
        2018-12-17 1957 2018-12-17 2018-12-17 წიგნი